|
|
|
|
| LEADER |
01037nam a22002772a 4500 |
| 001 |
000760761 |
| 003 |
CZ BrMZK |
| 005 |
20150911124847.0 |
| 007 |
ta |
| 008 |
050124s1953 xr f er|||||||||||cze d |
| 015 |
|
|
|a cnb000507649
|
| 035 |
|
|
|a (OCoLC)85312506
|
| 040 |
|
|
|a BOA001
|b cze
|
| 041 |
1 |
|
|a cze
|h rus
|
| 100 |
1 |
|
|a Mogilevskij, Boris L'vovič,
|d 1908-1987
|7 xx0094719
|4 aut
|
| 245 |
1 |
0 |
|a Příhody slunečního paprsku /
|c B. Mogilevskij ; ilustroval Theodor Rotrekl
|
| 250 |
|
|
|a 1. vyd.
|
| 260 |
|
|
|a Praha :
|b Státní nakladatelství dětské knihy,
|c 1953
|
| 300 |
|
|
|a 72 s., příl. ;
|c 8°
|
| 500 |
|
|
|a Přeloženo z ruštiny
|
| 700 |
1 |
|
|a Rotrekl, Teodor,
|d 1923-2004
|7 jk01102794
|4 ill
|
| 910 |
|
|
|a BOA001
|b 2-0302.207
|b PK-0004.310
|
| 964 |
|
|
|a Paprsky sluneční - význam - popularizace pro mládež
|
| 990 |
|
|
|a BK
|
| 996 |
6 |
|
|b 2618829144
|c 2-0302.207
|l MZK
|r Sklad / do 24 hodin
|n 0
|w 000760761
|u 000020
|a 1
|e BOA001
|j MZK50
|s P
|
| 996 |
7 |
|
|b 3119646936
|c PK-0004.310
|l MZK
|r Sklad / do 1 hodiny
|n 1
|w 000760761
|u 000010
|a 1
|e BOA001
|j MZK50
|s A
|